000 00291nam a22001337a 4500
008 170615b xxu||||| |||| 00| 0 eng d
020 _a9780813521664
041 _aeng
080 _a321
100 _a19
101 _aSHP
245 _aCHANGING DIFFERENCIES
_cJONES, R.J
942 _2udc
_cBK
999 _c17646
_d17646